| 000 | 01421cam a2200373 a 4500 | ||
|---|---|---|---|
| 001 | 6004 | ||
| 003 | FISKH | ||
| 005 | 20250528085147.0 | ||
| 008 | 120503s2012 nyu 000 1 eng d | ||
| 010 | _a 2011275637 | ||
| 020 | _a9780062060617 | ||
| 020 | _a0062060619 | ||
| 020 |
_a9780062060624 _c$15.00 |
||
| 020 | _a0062060627 | ||
| 040 |
_aUPZ _cUPZ _dBTCTA _dYDXCP _dBDX _dZS3 _dBWX _dDRB _dVP@ _dDLC _beng |
||
| 050 | _aPS3613.I5445 S65 | ||
| 082 | _a813.6 | ||
| 100 | 1 | _aMiller, Madeline. | |
| 245 | 1 | 4 |
_aThe song of Achilles / _cMadeline Miller. |
| 260 |
_aNew York : _bEcco, _c2012. |
||
| 300 |
_a378, 30 pages : _cillustration ; _b21 cm |
||
| 500 | _aIncludes a character glossary. | ||
| 520 | _aPatroclus, an awkward young prince, follows Achilles into war, little knowing that the years that follow will test everything they have learned, everything they hold dear. And that, before he is ready, he will be forced to surrender his friend to the hands of Fate. Set during the Trojan War. | ||
| 600 | 0 | 0 |
_aAchilles _c(Mythological character) _vFiction. |
| 650 | 0 |
_aTrojan War _vFiction. |
|
| 650 | 0 |
_aGreeks _zTurkey _vFiction. |
|
| 651 | 0 |
_aTroy (Extinct city) _vFiction. |
|
| 651 | 0 |
_aGreece _xHistory _yTo 146 B.C. _vFiction. |
|
| 655 | 7 |
_aWar stories. _2gsafd |
|
| 655 | 7 |
_aHistorical fiction. _2gsafd |
|
| 906 |
_a7 _bcbc _ccopycat _d2 _encip _f20 _gy-gencatlg |
||
| 942 |
_2ddc _cBK _n0 |
||
| 999 |
_c6004 _d6004 |
||